Giáo trình phương pháp nghiên cứu sinh học cá

Nội dung tài liệu gồm: Lịch sử phát triển của nghiên cứu cá, phương pháp nghiên cứu hình thái cá, nghiên cứu mô, nghiên cứu dinh dưỡng, nghiên cứu sinh học sinh sản,...

সংরক্ষণ করুন:
গ্রন্থ-পঞ্জীর বিবরন
প্রধান লেখক: Phạm, Thanh Liêm
বিন্যাস: গ্রন্থ
ভাষা:Undetermined
প্রকাশিত: Cần Thơ Trường Đại học Cần Thơ 2004
বিষয়গুলি:
ট্যাগগুলো: ট্যাগ যুক্ত করুন
কোনো ট্যাগ নেই, প্রথমজন হিসাবে ট্যাগ করুন!
Thư viện lưu trữ: Trung tâm Học liệu Trường Đại học Cần Thơ
LEADER 00922nam a2200229Ia 4500
001 CTU_63400
008 210402s9999 xx 000 0 und d
082 |a 597 
082 |b L304 
100 |a Phạm, Thanh Liêm 
245 0 |a Giáo trình phương pháp nghiên cứu sinh học cá 
245 0 |c Phạm Thanh Liêm, Trấn Đắc Định 
260 |a Cần Thơ 
260 |b Trường Đại học Cần Thơ 
260 |c 2004 
520 |a Nội dung tài liệu gồm: Lịch sử phát triển của nghiên cứu cá, phương pháp nghiên cứu hình thái cá, nghiên cứu mô, nghiên cứu dinh dưỡng, nghiên cứu sinh học sinh sản,... 
526 |a Sinh học nghề cá 
526 |b TSQ610 
650 |a Fishes 
650 |x Physiology 
904 |i Mai Loan 
980 |a Trung tâm Học liệu Trường Đại học Cần Thơ